| 000 | 00863nam a22002897a 4500 | ||
|---|---|---|---|
| 003 | DO-SdBNP | ||
| 005 | 20231002130942.0 | ||
| 008 | 160808b 2009 pu 00| 0 spa d | ||
| 017 |
_a _b |
||
| 020 | _a97899722225765 | ||
| 035 | _a | ||
| 040 |
_aBPMSU _bspa _cBPMSU _e |
||
| 080 | _a | ||
| 082 | 4 |
_a861.5 _bB398r 2009 _222 |
|
| 100 | 1 |
_aBécquer, Gustavo Adolfo _d1836-1870 |
|
| 245 | 1 |
_aRimas y leyendas / _cGustavo Adolfo Bécquer _b |
|
| 260 |
_aLima, Perú : _bDidactica, _c2009. |
||
| 300 |
_a94 p. : _bil., _c17 cm. |
||
| 490 | 0 | _aBiblioteca básica escolar | |
| 590 | _aInventariado, 2023/VM | ||
| 600 | 1 | 4 |
_aBécquer, Gustavo Adolfo, _d1836-1870 _xCrítica e interpretación |
| 650 | 4 |
_aPoesía española _x _2 |
|
| 650 | 4 | _aLeyendas españolas. | |
| 650 | 4 | _aRimas españolas. | |
| 910 | _aVMateo V. Control de calidad BPMSU | ||
| 942 |
_2ddc _cBK |
||
| 999 |
_c11110 _d11110 |
||